00671cam a22001814a 4500999001700000008004100017020003800058020003500096050001900131100002400150245005000174250001200224260003700236300003900273650002700312942003100339952011900370 c16958d16958090330s2010 nyua 000 0 eng  a9780078140006 (pbk. : alk. paper) a0078140005 (pbk. : alk. paper)00aGN60 .P35 20101 aPark, Michael Alan.10aBiological anthropology /cMichael Alan Park. a6th ed. aNew York :bMcGraw-Hill,cc2010. axxii, 451p. :bcol. ill. ;c24 cm. 0aPhysical anthropology. 2lcccBOOKShGN60 .P35 2010 00102lcc4070aMUCbMUCcGENd2016-11-18eDonation(BFA)l0oGN60 .P35 2010p22677r2016-11-18w2016-11-18yBOOKS